00678nam a2200193 i 45000010011000000030004000110050017000150080041000320200018000730400027000910820014001181000022001322450028001542640024001823360027002063370033002333380027002665200191002930008149115OSt20260528195902.0260513 2026 fre  a9782226512499 aQMBNDbfreerdacQMBND aP 1887dce1 aPancol, Katherine00aDes choux et des reines 1bAlbin Michel,c2026 atextebtxt2rdacontent asans mďiationbn2rdamedia avolumebnc2rdacarrier aSophie a sauté dans le premier train pour Rouen avec, pour seul bagage, son chien Sherlock. Elle s'est enfuie. Ce jour-là, son amant avait oublié de l'enfermer à double tour...